01358nam a2200313 i 4500003000900000005001700009007000300026008004100029020001800070040003000088041000800118082001800126100005100144245007200195264005400267300002800321336002700349337003400376338002800410500006600438500006900504590002700573910001400600942001400614952012900628952013500757952013500892999001701027DO-SdBNP20250502094652.0ta240612s2023 dr 000 j spa d a9789945186758 aDO-SdBNPbspacBNPHUerda hspa 4axxxbM5162221 aTejera, Eduardo J.,b1947-eautor4aut.91074910aYo solo digo :breflexiones y estudios biblicos /cMadeline Mejía 1aSanto Domingo :b[editor no identificado],c2023. a119 páginas ;c23 cm. atextobtxt2rdacontent asin mediación bn2rdamedia avolumenbnc2rdacarrier aIncluye datos biográficos de la autor en la contraportada.  aLas citas bíblicas se basan en la versión Reina Valera 1960. aInventariado, 2024/ YL aYLockward 2ddccLBS1 00102ddc51708PDaBNPHUbBNPHUcCTd2024-02-15eDeposito Legall0oBNPHU PD M516p2024-3406r2024-06-12w2024-06-12yLBS1 00102ddc51708PDaBNPHUbBNPHUcCTd2024-02-15eDeposito Legall0oBNPHU PD M516p2024-3407r2024-06-12te. 2w2024-06-12yLBS1 00102ddc56708DSaBNPHUbBNPHUcCTd2024-02-15eDeposito Legall0oBNPHU DS M516p2024-3408r2024-06-12te. 3w2024-06-12yLBS1 c56833d56833